00621nam a22001817a 4500008004100000020001500041020001900056050002400075100002200099245007900121260004400200300002700244500002600271650004000297650005400337650002800391700002000419161028b xxu||||| |||| 00| 0 eng d a1570350396 a 9781570350399 aLC 4801.8 .F57 1995 aFister, Susan L.  aTGIF : bbut what will I do on Monday?/cSusan L Fister and Karen A. Kemp. aSopris West :bLongmont, Co.,c ©1995. a178p. :bill. ;c28cm. aInclude bibliography. a Problem children xEducation.  aEffective teachingxHandbooks, manuals, etc.  aEffective teachers.  aKemp, Karen A.